[Event "Torneo GM"]
[Site "Vienna AUT"]
[Date "2008.08.17"]
[Round "2"]
[White "Timoshenko, G."]
[Black "Giri, A."]
[Result "0-1"]
[WhiteElo "2572"]
[BlackElo "2430"]
[PlyCount "66"]
[EventDate "2008.08.16"]
[Source "www.chesslib.no"]
[SourceDate "2004.05.04"]

1. d4 Nf6 2. c4 c5 3. d5 e6 4. Nc3 exd5 5. cxd5 d6 6. e4 g6 7. f4 Bg7 8. Bb5+ Nfd7 9. Be2 O-O 10. Nf3 Na6 11. O-O Nc7 12. Qc2 Re8 13. Bd2 b5 14. Bxb5 Bxc3 15. Bxd7 Bxd2 16. Bxe8 Be3+ 17. Kh1 Qxe8 18. g3 f5 19. e5 Nxd5 20. Rad1 Bd4 21. Nxd4 cxd4 22. Rxd4 dxe5 23. fxe5 Be6 24. Re1 Qf7 25. Kg1 Rf8 26. Qf2 f4 27. Ra4 Qe8 28. b3 fxg3 29. Qxg3 Qf7 30. h4 Nc3 31. Qxc3 Qf2+ 32. Kh1 Bd5+ 33. Rae4 Bxe4+ 0-1

[Event "Nordic-ch"]
[Site "Aarhus"]
[Date "2003.09.09"]
[Round "4"]
[White "Stefansson, Hannes"]
[Black "Lie, Kjetil A"]
[Result "1-0"]
[WhiteElo "2560"]
[BlackElo "2440"]
[PlyCount "119"]
[EventDate "2003.09.06"]
[Source "ChessBase"]
[SourceDate "2004.02.03"]

1. d4 Nf6 2. c4 c5 3. d5 e6 4. Nc3 exd5 5. cxd5 d6 6. e4 g6 7. f4 Bg7 8. Bb5+ Nfd7 9. a4 O-O 10. Nf3 Na6 11. O-O Nb4 12. Re1 a6 13. Bf1 Re8 14. h3 f5 15. Qb3 fxe4 16. Nxe4 Nf6 17. Nxf6+ Bxf6 18. Bd2 Rxe1 19. Rxe1 Bf5 20. Ng5 Bc2 21. Qc4 Bxa4 22. Bxb4 cxb4 23. Qxb4 Bb5 24. Bxb5 Qb6+ 25. Kh2 axb5 26. Qe4 Bxg5 27. Qe6+ Kh8 28. fxg5 Rf8 29. Qd7 Qd8 30. Qxb5 Qxg5 31. Qxb7 Qh4 32. Ra1 Qf4+ 33. Kh1 Qc4 34. Rg1 Qf4 35. Qe7 Rf7 36. Qe2 Kg7 37. Qd3 g5 38. Qc3+ Kg6 39. Re1 h6 40. b4 g4 41. b5 gxh3 42. Re6+ Kh7 43. Qd3+ Rf5 44. g3 Qf2 45. Re2 Qf1+ 46. Kh2 Kg7 47. Re7+ Kf8 48. Qxf1 Rxf1 49. Re6 Rb1 50. Rxh6 Ke7 51. Re6+ Kd7 52. Rf6 Rxb5 53. Rf5 Ke7 54. Kxh3 Rb1 55. g4 Rh1+ 56. Kg3 Rh8 57. g5 Rh1 58. Kg4 Rh2 59. g6 Rg2+ 60. Kh5 1-0

[Event "DSV-Turnier"]
[Site "Halle"]
[Date "1978.??.??"]
[Round "1"]
[White "Farago, Ivan"]
[Black "Boensch, Uwe"]
[Result "1-0"]
[WhiteElo "2510"]
[BlackElo "2490"]
[PlyCount "87"]
[EventDate "1978.11.05"]
[Source "www.chesslib.no"]
[SourceDate "2004.05.04"]

1. d4 Nf6 2. c4 e6 3. Nc3 c5 4. d5 exd5 5. cxd5 d6 6. e4 g6 7. f4 Bg7 8. Bb5+ Nfd7 9. Bd3 O-O 10. Nf3 Na6 11. O-O Re8 12. h3 Nb6 13. Re1 c4 14. Bc2 Nb4 15. Be3 Bd7 16. a3 Nd3 17. Bxd3 cxd3 18. Qxd3 Rc8 19. Bd4 Bxd4+ 20. Qxd4 Rc4 21. Qd2 Na4 22. Nxa4 Bxa4 23. e5 Qb6+ 24. Qf2 Rxf4 25. Qxb6 axb6 26. exd6 Rd8 27. Re7 Rxd6 28. Rxb7 Rff6 29. Nh2 h5 30. Rf1 Kg7 31. Rxf6 Kxf6 32. Nf1 Bd7 33. Nd2 Rxd5 34. Rxb6+ Be6 35. Ne4+ Kf5 36. Nc3 Rd2 37. a4 g5 38. a5 g4 39. hxg4+ hxg4 40. Kh2 Rd3 41. g3 Bc4 42. Rc6 Rd4 43. Kg1 Bd3 44. a6 1-0

[Event "Donner Open"]
[Site "Donner op Amsterdam"]
[Date "1996.??.??"]
[Round "5"]
[White "Dao, Thien Hai"]
[Black "Kristensen, Bjarke"]
[Result "1-0"]
[WhiteElo "2560"]
[BlackElo "2430"]
[PlyCount "49"]
[EventDate "1996.??.??"]
[Source "www.chesslib.no"]
[SourceDate "2004.05.04"]

1. d4 Nf6 2. c4 c5 3. d5 e6 4. Nc3 exd5 5. cxd5 d6 6. e4 g6 7. f4 Bg7 8. Bb5+ Nfd7 9. a4 O-O 10. Nf3 Na6 11. O-O Nb4 12. Re1 a6 13. Bf1 Nf6 14. h3 b6 15. Be3 Bb7 16. Qd2 Qc7 17. Bc4 Nd7 18. Bf2 Rae8 19. Bg3 Bd4+ 20. Kh1 Nf6 21. Rac1 Qc8 22. Bh2 Bf2 23. e5 Bxe1 24. g3 Nh5 25. g4 1-0

[Event "Berlin"]
[Site "Berlin"]
[Date "1979.??.??"]
[Round "?"]
[White "Malich, Burkhard"]
[Black "Boensch, Uwe"]
[Result "1/2-1/2"]
[WhiteElo "2530"]
[BlackElo "2460"]
[PlyCount "33"]
[EventDate "1979.??.??"]
[Source "www.chesslib.no"]
[SourceDate "2004.05.04"]

1. d4 Nf6 2. c4 e6 3. Nc3 c5 4. d5 exd5 5. cxd5 g6 6. e4 d6 7. f4 Bg7 8. Bb5+ Nfd7 9. a4 O-O 10. Nf3 Na6 11. O-O Nc7 12. Bc4 Re8 13. Re1 Nb6 14. Bb3 Bg4 15. Bd2 c4 16. Ba2 a5 17. h3 1/2-1/2

[Event "Memorial Rubinstein - Open A"]
[Site "Polanica Zdroj POL"]
[Date "2008.08.27"]
[Round "9.2"]
[White "Heberla, Bartlomiej"]
[Black "Szoen, Dariusz"]
[Result "0-1"]
[WhiteElo "2510"]
[BlackElo "2477"]
[PlyCount "146"]
[EventDate "2008.08.20"]
[Source "www.chesslib.no"]
[SourceDate "2004.05.04"]

1. d4 Nf6 2. c4 c5 3. d5 e6 4. Nc3 exd5 5. cxd5 d6 6. e4 g6 7. f4 Bg7 8. Bb5+ Nfd7 9. Nf3 a6 10. Bd3 b5 11. O-O O-O 12. Kh1 c4 13. Bc2 Nc5 14. Be3 Nbd7 15. Bd4 f6 16. b4 cxb3 17. axb3 b4 18. Ne2 a5 19. Ng3 Ba6 20. Re1 Re8 21. Bb2 Bh6 22. e5 fxe5 23. fxe5 Bg7 24. Bd4 dxe5 25. Bxc5 Nxc5 26. Ne4 Qb6 27. Nfg5 Bb7 28. Qf3 Bxd5 29. Nf6+ Bxf6 30. Qxd5+ Kh8 31. Nf7+ Kg7 32. Nd6 Rf8 33. Ne4 Nxe4 34. Bxe4 Ra7 35. Rac1 Rd8 36. Qc4 Rd4 37. Qc8 Qd8 38. Qc5 Qe7 39. Qc8 Bg5 40. Ra1 Bd2 41. Re2 Qf8 42. Qc6 Bc3 43. Rg1 Qd6 44. g3 Qxc6 45. Bxc6 Rc7 46. Be4 a4 47. bxa4 b3 48. Rb1 Rb4 49. a5 b2 50. a6 Ra4 51. Bb7 Bd4 52. Kg2 Kf6 53. Rexb2 Bxb2 54. Rxb2 Rc3 55. Rf2+ Ke6 56. Rf8 Kd6 57. Rf7 e4 58. Rf4 Ra2+ 59. Rf2 Rxf2+ 60. Kxf2 e3+ 61. Ke2 Ra3 62. Bf3 Rxa6 63. Kxe3 Ra2 64. h4 Ke5 65. Bb7 Ra3+ 66. Kf2 Kd4 67. Bc6 Kd3 68. Bd5 Kd2 69. Bg8 h6 70. Bd5 Ra6 71. Be4 Rf6+ 72. Kg2 Ke3 73. Bb1 Rb6 0-1

[Event "ch-SRB"]
[Site "Mataruska Banja SRB"]
[Date "2008.03.15"]
[Round "1"]
[White "Damljanovic, B."]
[Black "Velickovic, Sa"]
[Result "1-0"]
[WhiteElo "2582"]
[BlackElo "2401"]
[PlyCount "101"]
[EventDate "2008.03.15"]
[Source "www.chesslib.no"]
[SourceDate "2004.05.04"]

1. d4 Nf6 2. c4 c5 3. d5 e6 4. Nc3 exd5 5. cxd5 d6 6. e4 g6 7. f4 Bg7 8. Bb5+ Nfd7 9. Nf3 a6 10. Bxd7+ Nxd7 11. a4 O-O 12. O-O Rb8 13. a5 b5 14. axb6 Rxb6 15. Kh1 Rb4 16. f5 Nf6 17. Bg5 h6 18. Bxf6 Bxf6 19. Qc2 Kg7 20. Rae1 Re8 21. fxg6 fxg6 22. Nd2 Be5 23. b3 Rb7 24. Nc4 Rbe7 25. Nxe5 Rxe5 26. Re2 Rf8 27. Ref2 Rxf2 28. Qxf2 Qe7 29. Qb2 Qb7 30. Qf2 Qe7 31. Kg1 Bd7 32. Qf4 Bb5 33. Rf3 g5 34. Qd2 Be8 35. Re3 Bg6 36. Qe2 Qb7 37. Nd1 Qb5 38. Nf2 Qxe2 39. Rxe2 Re7 40. Ra2 Ra7 41. Kf1 h5 42. Ke2 Kf6 43. Kd2 a5 44. Kc3 Re7 45. Re2 Re8 46. Kc4 Re7 47. h3 Re8 48. Re3 Re7 49. Rf3+ Ke5 50. Nd3+ Kxe4 51. Rf6 1-0

[Event "JUG-ch53"]
[Site "Belgrade "]
[Date "1998.03.25"]
[Round "11"]
[White "Ivanisevic, Ivan"]
[Black "Kovacevic, Aleksandar"]
[Result "1/2-1/2"]
[WhiteElo "2460"]
[BlackElo "2515"]
[PlyCount "122"]
[EventDate "1998.03.14"]
[Source "ChessBase"]
[SourceDate "1998.06.15"]

1. d4 c5 2. d5 Nf6 3. c4 e6 4. Nc3 exd5 5. cxd5 d6 6. e4 g6 7. f4 Bg7 8. Bb5+ Nfd7 9. a4 O-O 10. Nf3 Na6 11. O-O Nb4 12. Kh1 a6 13. Bxd7 Bxd7 14. f5 gxf5 15. Bg5 f6 16. Bf4 fxe4 17. Nxe4 Bf5 18. Nxd6 Bd3 19. Rf2 Qd7 20. Qb3 a5 21. Nd2 Ra6 22. N2c4 Bxc4 23. Nxc4 Qxd5 24. Rd2 Qf7 25. Rad1 Re6 26. Qg3 Qg6 27. Rd7 Qxg3 28. hxg3 f5 29. Rxb7 Bd4 30. Nxa5 Bxb2 31. Nc4 Bc3 32. a5 Rfe8 33. Rdd7 Re1+ 34. Kh2 Ra1 35. Nd6 Rf8 36. Bh6 Nd3 37. Bxf8 Nf2 38. g4 f4 39. Rg7+ Bxg7 40. Rxg7+ Kxf8 41. Rf7+ Kg8 42. Rxf4 Nd3 43. Rf3 Ne5 44. Rf5 Nd7 45. Rd5 Kf8 46. Ne4 Ke7 47. Nxc5 Nf6 48. Nb3 Ra3 49. Rb5 Nxg4+ 50. Kg3 Nf6 51. Kf4 Nd7 52. Rb7 Kd6 53. a6 h5 54. Kg5 Ra2 55. g3 Rg2 56. a7 Rxg3+ 57. Kxh5 Nf6+ 58. Kh4 Rg4+ 59. Kh3 Ra4 60. Nd2 Kc6 61. Rf7 Nd7 1/2-1/2

[Event "20. It Bosna '81"]
[Site "?"]
[Date "1981.??.??"]
[Round "10"]
[White "Lukacs Peter"]
[Black "Psakhis Lev B"]
[Result "0-1"]
[WhiteElo "2465"]
[BlackElo "2500"]
[PlyCount "63"]
[EventDate "1981.??.??"]
[Source "www.chesslib.no"]
[SourceDate "2004.05.04"]

1. d4 Nf6 2. c4 c5 3. d5 e6 4. Nc3 exd5 5. cxd5 d6 6. e4 g6 7. f4 Bg7 8. Bb5+ Nfd7 9. Bd3 Qh4+ 10. g3 Qe7 11. Nf3 O-O 12. O-O Nb6 13. Kg2 Bg4 14. h3 Bxf3+ 15. Qxf3 N8d7 16. a4 c4 17. Bc2 Nc5 18. Be3 Nbd7 19. Rad1 a6 20. Bd4 Bxd4 21. Rxd4 b5 22. Re1 f6 23. Na2 Ne5 24. Qa3 Ned3 25. Re3 g5 26. Bxd3 Nxd3 27. Nb4 gxf4 28. Nc6 Qg7 29. Rexd3 cxd3 30. Qxd3 Rae8 31. g4 f5 32. Kf1 0-1

[Event "Hastings ENG"]
[Site "Hastings ENG"]
[Date "1982.??.??"]
[Round "2"]
[White "Mestel, Jonathan"]
[Black "Littlewood, Paul E"]
[Result "1-0"]
[WhiteElo "2500"]
[BlackElo "2465"]
[PlyCount "37"]
[EventDate "1982.??.??"]
[Source "www.chesslib.no"]
[SourceDate "2004.05.04"]

1. d4 Nf6 2. c4 e6 3. Nc3 c5 4. d5 exd5 5. cxd5 d6 6. e4 g6 7. f4 Bg7 8. Bb5+ Nfd7 9. a4 O-O 10. Nh3 a6 11. Be2 Nf6 12. O-O Re8 13. Bc4 Qb6 14. f5 g5 15. Bxg5 Nh5 16. Qe1 Kh8 17. Bc1 Be6 18. Be2 Qxb2 19. Nd1 1-0

[Event "Chigorin Mem, St Petersburg RUS"]
[Site "?"]
[Date "2000.??.??"]
[Round "2"]
[White "Doroshkievich, V."]
[Black "Sherbakov, R."]
[Result "0-1"]
[WhiteElo "2410"]
[BlackElo "2555"]
[PlyCount "98"]
[EventDate "2000.??.??"]
[Source "www.chesslib.no"]
[SourceDate "2004.05.04"]

1. d4 Nf6 2. c4 e6 3. Nc3 c5 4. d5 exd5 5. cxd5 d6 6. e4 g6 7. f4 Bg7 8. Bb5+ Nfd7 9. a4 O-O 10. Nf3 Na6 11. O-O Nb4 12. Re1 a6 13. Bf1 Re8 14. h3 b6 15. Bc4 Bb7 16. Qb3 Nf6 17. Bd2 Rb8 18. Rad1 Nxe4 19. Rxe4 Rxe4 20. Nxe4 b5 21. axb5 axb5 22. Bf1 Bxd5 23. Qe3 Nc2 24. Qd3 Nd4 25. Bc3 c4 26. Qe3 Nf5 27. Qe1 Qb6+ 28. Kh2 Bxe4 29. Qxe4 d5 30. Qe1 d4 31. Bd2 d3 32. Bc3 Bxc3 33. Qxc3 Qf2 34. Qe5 Rc8 35. Ng5 Qg3+ 36. Kg1 Qe3+ 37. Qxe3 Nxe3 38. Rd2 b4 39. Bxd3 cxd3 40. Rxd3 Rc1+ 41. Kf2 Nd1+ 42. Kf3 Nxb2 43. Rd8+ Kg7 44. Rd7 b3 45. Rxf7+ Kg8 46. Rb7 Nc4 47. Ne4 b2 48. Rd7 Ne5+ 49. fxe5 Rf1+ 0-1

[Event "6th Parsvnath Open"]
[Site "New Delhi IND"]
[Date "2008.01.16"]
[Round "6"]
[White "Nguyen Anh Dung"]
[Black "Rathnakaran, K."]
[Result "1/2-1/2"]
[WhiteElo "2525"]
[BlackElo "2437"]
[PlyCount "72"]
[EventDate "2008.01.13"]
[Source "www.chesslib.no"]
[SourceDate "2004.05.04"]

1. d4 Nf6 2. c4 c5 3. d5 e6 4. Nc3 exd5 5. cxd5 d6 6. e4 g6 7. f4 Bg7 8. Bb5+ Nfd7 9. a4 Qh4+ 10. g3 Qe7 11. Nf3 O-O 12. O-O Na6 13. Re1 Nb4 14. Be3 Nf6 15. Bf1 Bg4 16. Bg2 Qd7 17. e5 Ne8 18. Bf2 c4 19. Qe2 Nd3 20. e6 Qe7 21. h3 Bxf3 22. Bxf3 Nxe1 23. Rxe1 f5 24. Qxc4 Nf6 25. Nb5 a6 26. Qc7 Qxc7 27. Nxc7 Rac8 28. e7 Rxc7 29. exf8=Q+ Kxf8 30. Re6 Rc1+ 31. Kg2 Rc2 32. Rxd6 Ng4 33. hxg4 Bd4 34. Bd1 Rxf2+ 35. Kh3 Rd2 36. Bf3 Rf2 1/2-1/2

[Event "18th op B, Cannes FRA"]
[Site "Cannes"]
[Date "1997.??.??"]
[Round "?"]
[White "Akopian, V."]
[Black "Olivier, JC."]
[Result "1/2-1/2"]
[WhiteElo "2655"]
[BlackElo "2305"]
[PlyCount "68"]
[EventDate "1997.??.??"]
[Source "www.chesslib.no"]
[SourceDate "2004.05.04"]

1. d4 Nf6 2. c4 e6 3. Nc3 c5 4. d5 exd5 5. cxd5 d6 6. e4 g6 7. f4 Bg7 8. Bb5+ Nfd7 9. Nf3 O-O 10. Bd3 Re8 11. O-O b5 12. Nxb5 c4 13. Bxc4 Qb6+ 14. Kh1 Rxe4 15. Bd3 Re8 16. Re1 Nf6 17. Rxe8+ Nxe8 18. Qe2 Bd7 19. Be3 Qb7 20. f5 Na6 21. fxg6 hxg6 22. Rf1 Nb4 23. Bc4 Nxd5 24. Nc3 Nxe3 25. Qxe3 Bc6 26. Qd2 Rd8 27. Ng5 d5 28. Rxf7 dxc4 29. Qxd8 Qxb2 30. Rxg7+ Kxg7 31. Qe7+ Kh6 32. Nf7+ Kh7 33. Ng5+ Kh6 34. Nf7+ Kh7 1/2-1/2

[Event "Elenite-B"]
[Site "Elenite"]
[Date "1994.??.??"]
[Round "8"]
[White "Shereshevski, Mikhail"]
[Black "Berelovich, Aleksandar"]
[Result "1/2-1/2"]
[WhiteElo "2470"]
[BlackElo "2490"]
[PlyCount "85"]
[EventDate "1994.??.??"]
[Source "ChessBase"]

1. d4 Nf6 2. c4 e6 3. Nc3 c5 4. d5 exd5 5. cxd5 d6 6. e4 g6 7. f4 Bg7 8. Bb5+ Nfd7 9. Be2 O-O 10. Nf3 Qc7 11. O-O c4 12. Be3 a6 13. Rc1 b5 14. b4 Nf6 15. Bd4 Bb7 16. a4 Re8 17. axb5 Nbd7 18. bxa6 Rxa6 19. Nb5 Qb8 20. Bxc4 Rxe4 21. Nc3 Rxf4 22. Bxa6 Bxa6 23. b5 Bb7 24. h3 Nc5 25. Be3 Rf5 26. Nd4 Rxf1+ 27. Qxf1 Nxd5 28. Nxd5 Bxd5 29. Nc6 Qc7 30. Nb4 Bb7 31. Na6 Qe7 32. Bf2 Qg5 33. Nxc5 dxc5 34. Rxc5 Be5 35. Rc4 h5 36. Bh4 Qe3+ 37. Bf2 Qg5 38. Ra4 Bd6 39. h4 Qe5 40. g3 Qd5 41. Kh2 Qf3 42. Qg1 Be5 43. b6 1/2-1/2

[Event "Groningen op"]
[Site "Groningen"]
[Date "1998.12.26"]
[Round "6"]
[White "Aagaard, Jacob"]
[Black "Reinderman, Dimitri"]
[Result "1/2-1/2"]
[WhiteElo "2420"]
[BlackElo "2540"]
[PlyCount "53"]
[EventDate "1998.12.??"]
[Source "www.chesslib.no"]
[SourceDate "2004.05.04"]

1. d4 Nf6 2. c4 c5 3. d5 e6 4. Nc3 exd5 5. cxd5 d6 6. e4 g6 7. f4 Bg7 8. Bb5+ Nfd7 9. a4 O-O 10. Nf3 Na6 11. O-O Nc7 12. Bd3 Re8 13. Kh1 Rb8 14. Nd2 Nf6 15. Nc4 b6 16. Qf3 Ba6 17. Be3 Nd7 18. Rad1 Qe7 19. e5 Bxc4 20. Bxc4 Bxe5 21. fxe5 Nxe5 22. Qg3 Nxc4 23. Bg5 Qf8 24. Qf4 Ne5 25. Ne4 f5 26. Bh6 Qe7 27. Bg5 1/2-1/2

[Event "Ch France (b)"]
[Site "Aix les Bains (France)"]
[Date "2007.08.19"]
[Round "7"]
[White "Kouatly Bachar (FRA)"]
[Black "Edouard Romain (FRA)"]
[Result "0-1"]
[WhiteElo "2475"]
[BlackElo "2483"]
[PlyCount "94"]
[EventDate "2007.??.??"]
[Source "www.chesslib.no"]
[SourceDate "2004.05.04"]

1. d4 Nf6 2. c4 c5 3. d5 e6 4. Nc3 exd5 5. cxd5 d6 6. e4 g6 7. f4 Bg7 8. Bb5+ Nfd7 9. a4 O-O 10. Nf3 Na6 11. O-O Nb4 12. Re1 a6 13. Bf1 Re8 14. h3 f5 15. e5 dxe5 16. d6 e4 17. Qb3+ Kh8 18. Ng5 Bd4+ 19. Kh1 Qf6 20. Bd2 Nf8 21. Ncxe4 fxe4 22. Nxe4 Rxe4 23. Rxe4 Be6 24. Bc4 Bxc4 25. Qxc4 Nc6 26. Rae1 Qxd6 27. Qf7 Qd7 28. Qc4 Rd8 29. Bc3 Qd5 30. Qe2 Kg8 31. Qg4 b5 32. axb5 axb5 33. Re8 b4 34. Bxd4 cxd4 35. Rxd8 Nxd8 36. f5 Nc6 37. fxg6 hxg6 38. Re8 Kf7 39. Rc8 Ne6 40. Qh4 d3 41. Qh7+ Kf6 42. Qh4+ g5 43. Qf2+ Nf4 44. h4 d2 45. Rxc6+ Kf5 46. Rc5 d1=Q+ 47. Kh2 gxh4 0-1

[Event "Marseille"]
[Site "Marseille"]
[Date "1986.??.??"]
[Round "?"]
[White "Renet, Olivier"]
[Black "Cebalo, Miso"]
[Result "1-0"]
[WhiteElo "2480"]
[BlackElo "2475"]
[PlyCount "111"]
[EventDate "1986.07.??"]
[Source "www.chesslib.no"]
[SourceDate "2004.05.04"]

1. d4 Nf6 2. c4 e6 3. Nc3 c5 4. d5 exd5 5. cxd5 d6 6. e4 g6 7. f4 Bg7 8. Bb5+ Nfd7 9. a4 Qh4+ 10. g3 Qd8 11. Nf3 O-O 12. Kf1 a6 13. Bd3 Re8 14. h3 Nf6 15. Nd2 Nbd7 16. Nc4 Nb6 17. Ne3 Bd7 18. Qf3 Rb8 19. g4 Nc8 20. g5 Nh5 21. Ng4 b5 22. f5 c4 23. Bb1 b4 24. Ne2 a5 25. f6 Bxg4 26. hxg4 Nxf6 27. gxf6 Qxf6 28. Nf4 Nb6 29. Rh2 Nd7 30. g5 Qxg5 31. Be3 Qe5 32. Rd2 Qe7 33. Qh3 Rbc8 34. Rh2 Nf8 35. Re2 Be5 36. Rf2 Nd7 37. Kg1 c3 38. Bd3 cxb2 39. Raf1 Rf8 40. Ne2 Bg7 41. Nd4 Ne5 42. Rh2 h5 43. Nf5 gxf5 44. Qxh5 Rfd8 45. Qh7+ Kf8 46. Rg2 Ng6 47. Bh6 Qa7+ 48. Kh2 Bxh6 49. Rxg6 fxg6 50. Qxa7 Rc1 51. Rf2 Kg8 52. Rxb2 Bf4+ 53. Kg2 Rc3 54. Rf2 Be5 55. exf5 Rxd3 56. f6 1-0

[Event "Cataluna-chT"]
[Site "ESP"]
[Date "1999.??.??"]
[Round "4"]
[White "Gual Pascual, Antonio"]
[Black "Martin Gonzalez, Angel"]
[Result "1/2-1/2"]
[WhiteElo "2465"]
[BlackElo "2490"]
[PlyCount "84"]
[EventDate "1999.??.??"]
[Source "www.chesslib.no"]
[SourceDate "2004.05.04"]

1. d4 Nf6 2. c4 c5 3. d5 e6 4. Nc3 exd5 5. cxd5 d6 6. e4 g6 7. f4 Bg7 8. Bb5+ Nfd7 9. a4 O-O 10. Nf3 a6 11. Be2 Qe7 12. O-O Nf6 13. e5 Ne8 14. e6 fxe6 15. Bc4 Nc7 16. Re1 b5 17. axb5 Nd7 18. dxe6 Nb6 19. Bf1 axb5 20. Rxa8 Nbxa8 21. Nxb5 Nxb5 22. Bxb5 Nc7 23. Bd3 d5 24. Ng5 h6 25. Bxg6 hxg5 26. f5 Bd4+ 27. Kh1 Nxe6 28. fxe6 Bxe6 29. Bh5 Qf6 30. h3 Bf2 31. Bxg5 Qxg5 32. Rxe6 Kh8 33. Bf3 Bd4 34. b4 Ra8 35. Re1 Ra1 36. Qe2 Rxe1+ 37. Qxe1 cxb4 38. Qe8+ Kg7 39. Qd7+ Kh8 40. Qe8+ Kg7 41. Qd7+ Kh8 42. Qe8+ Kg7 1/2-1/2

[Event "CRO-Cup"]
[Site "Pula CRO"]
[Date "1990.??.??"]
[Round "?"]
[White "Hulak, Krunoslav"]
[Black "Mrdja, Milan"]
[Result "1/2-1/2"]
[WhiteElo "2560"]
[BlackElo "2395"]
[PlyCount "41"]
[EventDate "1990.??.??"]
[Source "www.chesslib.no"]
[SourceDate "2004.05.04"]

1. d4 Nf6 2. c4 e6 3. Nc3 c5 4. d5 exd5 5. cxd5 d6 6. e4 g6 7. f4 Bg7 8. Bb5+ Nfd7 9. a4 O-O 10. Nf3 Na6 11. O-O Rb8 12. Re1 Nc7 13. Bc4 Nb6 14. Ba2 Bg4 15. h3 Bxf3 16. Qxf3 Re8 17. Be3 Nd7 18. Bc4 a6 19. a5 b5 20. axb6 Rxb6 21. Bc1 1/2-1/2

[Event "Lloyds Bank Open"]
[Site "London ENG"]
[Date "1981.??.??"]
[Round "?"]
[White "Law, Andrew P"]
[Black "Nunn, John D M"]
[Result "1/2-1/2"]
[WhiteElo "2380"]
[BlackElo "2575"]
[PlyCount "32"]
[EventDate "1981.??.??"]
[Source "www.chesslib.no"]
[SourceDate "2004.05.04"]

1. d4 Nf6 2. c4 c5 3. d5 e6 4. Nc3 exd5 5. cxd5 d6 6. e4 g6 7. f4 Bg7 8. Bb5+ Nfd7 9. Bd3 O-O 10. Nf3 Na6 11. O-O Rb8 12. Kh1 Nc7 13. a4 Nf6 14. Qe1 Re8 15. Qh4 a6 16. f5 b5 1/2-1/2

[Event "Corr"]
[Site "?"]
[Date "2000.??.??"]
[Round "?"]
[White "Brooks Ian S"]
[Black "Neto Horacio"]
[Result "1/2-1/2"]
[WhiteElo "2497"]
[BlackElo "2457"]
[PlyCount "47"]
[EventDate "2000.??.??"]
[Source "www.chesslib.no"]
[SourceDate "2004.05.04"]

1. d4 Nf6 2. c4 e6 3. Nc3 c5 4. d5 exd5 5. cxd5 d6 6. e4 g6 7. f4 Bg7 8. Bb5+ Nfd7 9. Be2 O-O 10. Nf3 Na6 11. O-O Nc7 12. a4 Rb8 13. Kh1 a6 14. a5 b5 15. axb6 Rxb6 16. Nd2 Rb4 17. Nc4 Nb6 18. Na5 Qe8 19. Bd3 Bd7 20. Re1 Nb5 21. Qd2 Qa8 22. f5 Re8 23. fxg6 fxg6 24. Rf1 1/2-1/2

[Event "ADCF Masters"]
[Site "Abu Dhabi"]
[Date "2003.08.22"]
[Round "6"]
[White "Ezat, Mohamed"]
[Black "Ghaem Maghami, Ehsan"]
[Result "0-1"]
[WhiteElo "2410"]
[BlackElo "2544"]
[PlyCount "70"]
[EventDate "2003.08.16"]
[Source "Roberto Alvarez"]
[SourceDate "2003.09.01"]

1. d4 Nf6 2. c4 c5 3. d5 e6 4. Nc3 exd5 5. cxd5 d6 6. e4 g6 7. f4 Bg7 8. Bb5+ Nfd7 9. Be2 O-O 10. Nf3 f5 11. exf5 gxf5 12. O-O Nf6 13. Ng5 Na6 14. Bf3 Nc7 15. Re1 Re8 16. Be3 h6 17. Ne6 Nxe6 18. dxe6 Bxe6 19. Bxb7 Rb8 20. Bc6 Re7 21. Bf3 Qc7 22. Rb1 Kh8 23. Bf2 d5 24. Bxd5 Rd8 25. Bxe6 Rxd1 26. Rbxd1 Qxf4 27. Bxc5 Re8 28. Bd6 Qh4 29. Bg3 Qg5 30. Nd5 Ne4 31. Bf4 Qh4 32. g3 Qh5 33. Bd7 Rd8 34. Ne7 Qf3 35. Nxf5 Rxd7 0-1

[Event "Israel"]
[Site "?"]
[Date "1994.??.??"]
[Round "?"]
[White "Milov, V."]
[Black "Uritzky, M."]
[Result "1-0"]
[WhiteElo "2585"]
[BlackElo "2365"]
[PlyCount "79"]
[EventDate "1994.??.??"]
[Source "ChessBase"]
[SourceDate "1994.06.01"]

1. d4 Nf6 2. c4 c5 3. d5 e6 4. Nc3 exd5 5. cxd5 d6 6. e4 g6 7. f4 Bg7 8. Bb5+ Nfd7 9. Nf3 O-O 10. O-O a6 11. Bd3 b5 12. Kh1 b4 13. Na4 Nb6 14. Nxb6 Qxb6 15. Nd2 Qd8 16. Nc4 a5 17. e5 dxe5 18. fxe5 Ba6 19. d6 Nd7 20. Bf4 Bxc4 21. Bxc4 Bxe5 22. Qd2 Kh8 23. Rae1 f6 24. Bh6 Nb6 25. Bb5 Bxd6 26. Bxf8 Bxf8 27. Qxd8 Rxd8 28. Rxf6 Nd5 29. Rd1 Nxf6 30. Rxd8 Kg7 31. Ra8 Bd6 32. Ra7+ Kh6 33. Rxa5 Be5 34. Bc6 Bd4 35. a4 Ng4 36. g3 Nf2+ 37. Kg2 Nd3 38. b3 Kg5 39. Rb5 Kf6 40. a5 1-0

[Event "Corr"]
[Site "?"]
[Date "2000.08.02"]
[Round "?"]
[White "Beaumont David"]
[Black "Bertorello Juan Manuel"]
[Result "1/2-1/2"]
[WhiteElo "2508"]
[BlackElo "2442"]
[PlyCount "118"]
[EventDate "2000.??.??"]
[Source "www.chesslib.no"]
[SourceDate "2004.05.04"]

1. d4 Nf6 2. c4 c5 3. d5 e6 4. Nc3 exd5 5. cxd5 d6 6. e4 g6 7. f4 Bg7 8. Bb5+ Nbd7 9. e5 dxe5 10. fxe5 Nh5 11. e6 Qh4+ 12. g3 Nxg3 13. hxg3 Qxh1 14. Be3 Bxc3+ 15. bxc3 a6 16. Bxd7+ Bxd7 17. exd7+ Kxd7 18. Qb3 b5 19. O-O-O Rhe8 20. Bxc5 Qg2 21. d6 Re6 22. Bb4 Rc8 23. a4 bxa4 24. Qxa4+ Rc6 25. Kb1 Re3 26. Qb3 Qe4+ 27. Kb2 Rc4 28. Qa4+ Rc6 29. Qb3 Rc4 30. Ka1 Qc6 31. Rc1 Qb5 32. Qa2 Rxg3 33. Re1 Kd8 34. Qa5+ Qxa5+ 35. Bxa5+ Kd7 36. Bb4 Rxb4 37. cxb4 Rg4 38. Nf3 Rf4 39. Ng5 Kxd6 40. Nxh7 Rxb4 41. Rf1 Rb7 42. Ng5 f5 43. Nf3 Ke7 44. Ka2 Rb4 45. Rc1 Re4 46. Kb2 Re2+ 47. Kb1 Re3 48. Nd4 f4 49. Kc2 Kd6 50. Ra1 Ke5 51. Nb3 Kf5 52. Rxa6 g5 53. Ra5+ Kg4 54. Nd4 f3 55. Rf5 Re4 56. Rxg5+ Kxg5 57. Nxf3+ Kf4 58. Nd2 Re3 59. Kb1 Rh3 1/2-1/2

[Event "NED-ch"]
[Site "Leeuwarden"]
[Date "2003.07.01"]
[Round "5"]
[White "Ernst, Sipke"]
[Black "Stellwagen, Daniel"]
[Result "1/2-1/2"]
[WhiteElo "2475"]
[BlackElo "2467"]
[PlyCount "125"]
[EventDate "2003.06.26"]
[Source "ChessBase"]
[SourceDate "2003.09.25"]

1. d4 Nf6 2. c4 c5 3. d5 e6 4. Nc3 exd5 5. cxd5 d6 6. e4 g6 7. f4 Bg7 8. Bb5+ Nbd7 9. e5 dxe5 10. fxe5 Nh5 11. e6 Qh4+ 12. g3 Nxg3 13. hxg3 Qxh1 14. Be3 Bxc3+ 15. bxc3 a6 16. exd7+ Bxd7 17. Bxd7+ Kxd7 18. Qg4+ f5 19. Qf3 Qxf3 20. Nxf3 Rae8 21. Kf2 Re4 22. Bxc5 Rc8 23. Bd4 Kd6 24. Ng5 Rxd4 25. cxd4 Kxd5 26. Nxh7 Kxd4 27. Rd1+ Ke5 28. Re1+ Kd4 29. Rd1+ Ke5 30. Rd2 Rh8 31. Rd7 Rc8 32. Re7+ Kd4 33. Rxb7 Rc2+ 34. Kf3 Rxa2 35. Nf8 Ra3+ 36. Kg2 Ra2+ 37. Kh3 a5 38. Nxg6 a4 39. Ne7 f4 40. Rb4+ Kc5 41. Rxf4 a3 42. Ra4 Ra1 43. Kg4 a2 44. Ra5+ Kb4 45. Nc6+ Kb3 46. Rb5+ Ka4 47. Ra5+ Kb3 48. Nd4+ Kb2 49. Rb5+ Kc3 50. Ne2+ Kc2 51. Rc5+ Kb2 52. Rb5+ Kc2 53. Rc5+ Kb2 54. Nc3 Rc1 55. Na4+ Kb1 56. Rb5+ Ka1 57. Rb4 Rc6 58. Kf4 Rf6+ 59. Ke5 Rf5+ 60. Kd4 Rf4+ 61. Kc3 Rf3+ 62. Kc2 Rc3+ 63. Nxc3 1/2-1/2

[Event "Cullera 83/58"]
[Site "?"]
[Date "2001.??.??"]
[Round "?"]
[White "Vera, R."]
[Black "Kovacevic, Sl"]
[Result "0-1"]
[WhiteElo "2563"]
[BlackElo "2378"]
[PlyCount "80"]
[EventDate "2001.??.??"]
[Source "Chess Informant"]
[SourceDate "2001.10.01"]

1. d4 Nf6 2. c4 e6 3. Nc3 c5 4. d5 exd5 5. cxd5 d6 6. e4 g6 7. f4 Bg7 8. Bb5+ Nfd7 9. Be2 O-O 10. Nf3 Na6 11. O-O Nc7 12. Kh1 Re8 13. f5 gxf5 14. exf5 a6 15. a4 Nf6 16. Bg5 h6 17. Bh4 Rb8 18. Nd2 b5 19. axb5 axb5 20. Ra7 b4 21. Nce4 Rb7 22. Rxb7 Bxb7 23. Bf3 Bxd5 24. Qa4 Re5 25. Qa5 Bxe4 26. Nxe4 Rxf5 27. Rd1 Qe7 28. Qa7 Rf4 29. Qb8+ Kh7 30. Ng3 Nce8 31. Qa8 Qe5 32. Bxf6 Nxf6 33. Qc6 Bf8 34. Qc8 Kg7 35. b3 d5 36. Ne2 Rf5 37. Ng3 Rg5 38. Rf1 Bd6 39. Qd8 h5 40. Qc8 h4 0-1